Sobre democracia y educación : escritos sobre las instituciones educativas y el lenguaje en las aulas /

Compilación de artículos, conferencias y entrevistas donde se pone en relieve el núcleo de la filosofía social libertaria de Chomsky: la educación para la democracia, pero también se incluyen muchas reflexiones sobre otros asuntos relacionados, que abarcan desde el libre albedrío al posmodernismo. E...

Descripción completa

Guardado en:
Detalles Bibliográficos
Autor principal: Chomsky, Noam (autor)
Otros autores: Otero, Carlos-Peregrín (compilación y prefacio) (compilación y prefacio)
Formato: Libro
Idioma:Español
Publicado: Barcelona, España : Paidós, 2006, c2006
Colección:(Paidós Estado y Sociedad ; 129)
Temas:
Etiquetas: Agrega una etiqueta
Sin etiquetas, Sé el primero en etiquetar este registro!

MARC

LEADER 00000nam^a2200000^a^4500
001 000192264
005 20250521000000.0
009 20260310102558.607
020 |a 84-493-1860-2 
037 |a Acervo ITESO - Biblioteca 
041 |a ESP 
082 |a 370. 115  |b CHO V. 2 
100 |a Chomsky, Noam  |e (autor) 
245 1 0 |a Sobre democracia y educación :  |b escritos sobre las instituciones educativas y el lenguaje en las aulas /  |c N. Chomsky ; comp. y pref. de C.P. Otero ; tr. por Eugenia Vázquez Nacarino, Miguel Martínez-Lage. 
264 4 |a Barcelona, España :  |b Paidós,  |c 2006, c2006 
300 |a 313 p. 
336 |a texto  |b txt  |2 rdacontenido 
337 |a sin mediación  |b n  |2 rdamedio 
338 |a volumen  |b nc  |2 rdasoporte 
440 1 |a (Paidós Estado y Sociedad ;  |v 129) 
520 |a Compilación de artículos, conferencias y entrevistas donde se pone en relieve el núcleo de la filosofía social libertaria de Chomsky: la educación para la democracia, pero también se incluyen muchas reflexiones sobre otros asuntos relacionados, que abarcan desde el libre albedrío al posmodernismo. En este segundo volumen, el autor estudia la política educativa estadounidense a través de las instituciones de educación superior y analiza el uso y enseñanza de la lengua en las aulas. 
649 |a XX 
650 |a Lenguas -  |x Estudio y Enseñanza -  |x Tema Principal 
650 |a Lingüística -  |x Estudio y Enseñanza 
650 |a Política Educativa -  |z EUA 
650 |a Educación Superior -  |z EUA -  |x Tema Principal 
650 |a Educación y Política 
700 |a Otero, Carlos-Peregrín  |e (compilación y prefacio) 
910 |a Fondo General 
920 |a Impresos - Libros 
930 |a Colección General 
905 |a 101 
901 |a 0500136156  |b IT1  |c ACC  |u 20250521 
902 |a https://opac.biblio.iteso.mx/vufind/Record/000192264